[Event "Foxwoods op"]
[Site "Connecticut USA"]
[Date "2000.04.20"]
[Round "1"]
[White "Hebert, Jean"]
[Black "Strenzwilk, Denis"]
[Result "1-0"]
[WhiteElo "2462"]
[BlackElo "2199"]
[PlyCount "57"]
[GameId "2129405156275862"]
[EventDate "2000.04.20"]
[EventType "swiss"]
[EventRounds "7"]
[EventCountry "USA"]
[SourceTitle "The Week in Chess 286"]
[Source "Mark Crowther"]
[SourceDate "2000.05.01"]
[SourceVersion "1"]
[SourceVersionDate "2000.05.01"]
[SourceQuality "2"]

1. Nf3 d6 2. d4 Bg4 3. e4 Nf6 4. Nc3 e6 5. h3 Bh5 6. g4 Bg6 7. Qe2 c6 8. Bg2 Be7 9. h4 d5 10. exd5 cxd5 11. Ne5 Ne4 12. h5 Nxc3 13. bxc3 Be4 14. f3 Qa5 15. Rb1 f6 16. h6 g6 17. fxe4 Qxc3+ 18. Bd2 Qg3+ 19. Kd1 Nc6 20. Rh3 Nxd4 21. Rxg3 Nxe2 22. Kxe2 fxe5 23. Rxb7 Bc5 24. exd5 O-O 25. Rf3 e4 26. Rxf8+ Rxf8 27. Bxe4 Rf2+ 28. Kd3 Rh2 29. dxe6 1-0

[Event "Foxwoods op"]
[Site "Connecticut USA"]
[Date "2000.04.21"]
[Round "2"]
[White "Epishin, Vladimir"]
[Black "Hebert, Jean"]
[Result "1/2-1/2"]
[WhiteElo "2667"]
[BlackElo "2462"]
[PlyCount "161"]
[GameId "2129405156279972"]
[EventDate "2000.04.20"]
[EventType "swiss"]
[EventRounds "7"]
[EventCountry "USA"]
[SourceTitle "The Week in Chess 286"]
[Source "Mark Crowther"]
[SourceDate "2000.05.01"]
[SourceVersion "1"]
[SourceVersionDate "2000.05.01"]
[SourceQuality "2"]

1. d4 Nf6 2. c4 e6 3. Nf3 c5 4. Nc3 cxd4 5. Nxd4 Bb4 6. g3 O-O 7. Bg2 d5 8. cxd5 Nxd5 9. Bd2 Nb6 10. Nc2 Be7 11. Ne3 Nc6 12. O-O e5 13. Qb1 Be6 14. Rd1 Qc8 15. Ned5 Bg5 16. Nxb6 axb6 17. Nd5 Bxd5 18. Bxd5 Bxd2 19. Rxd2 Qc7 20. Qd1 Rad8 21. Rc1 Qd7 22. e3 Nd4 23. Bxf7+ Qxf7 24. exd4 Rxd4 25. b3 Qf5 26. Qc2 Qf6 27. Re1 Qd6 28. Rxd4 exd4 29. Qc4+ Kh8 30. Qe6 Qc5 31. Qe5 h6 32. Qxc5 bxc5 33. Re5 Rc8 34. a4 Kg8 35. Kf1 Kf7 36. Ke2 Kf6 37. f4 c4 38. bxc4 Rxc4 39. a5 Rb4 40. Kd3 g5 41. Rd5 gxf4 42. gxf4 Ra4 43. Rb5 Ke6 44. h3 Kf6 45. h4 Ke6 46. Rh5 Kf7 47. Rb5 Ke6 48. h5 Kf6 49. Ke4 d3+ 50. Kxd3 Rxf4 51. Kc3 Ra4 52. Kb3 Ra1 53. Kc4 Rc1+ 54. Kd5 Kg5 55. Rc5 Rb1 56. Kc4+ Kg4 57. Rb5 Rc1+ 58. Kb4 Kh4 59. Rd5 Kg4 60. Kb5 Rb1+ 61. Ka4 Ra1+ 62. Kb4 Rb1+ 63. Kc4 Rc1+ 64. Kb5 Rb1+ 65. Kc5 Rb2 66. Kc4 Rb1 67. Rb5 Rc1+ 68. Kd4 Ra1 69. Kc3 Rc1+ 70. Kb2 Rc7 71. Kb3 Rd7 72. Kc4 Kh4 73. Rb3 Kg4 74. Kb5 Kh4 75. Kb6 Kg4 76. Rb5 Rf7 77. Rb3 Rf4 78. Rb5 Kh4 79. Ka7 Kg4 80. Kb8 Kh4 81. Rc5 1/2-1/2

[Event "Foxwoods op"]
[Site "Connecticut USA"]
[Date "2000.04.21"]
[Round "3"]
[White "Curdo, John"]
[Black "Hebert, Jean"]
[Result "0-1"]
[WhiteElo "2305"]
[BlackElo "2462"]
[PlyCount "78"]
[GameId "2129405156279985"]
[EventDate "2000.04.20"]
[EventType "swiss"]
[EventRounds "7"]
[EventCountry "USA"]
[SourceTitle "The Week in Chess 286"]
[Source "Mark Crowther"]
[SourceDate "2000.05.01"]
[SourceVersion "1"]
[SourceVersionDate "2000.05.01"]
[SourceQuality "2"]

1. Nf3 f5 2. d4 Nf6 3. g3 g6 4. Bg2 Bg7 5. c4 O-O 6. Nc3 d6 7. O-O c6 8. Rb1 a5 9. a3 Nh5 10. d5 e5 11. dxe6 Bxe6 12. Qd3 f4 13. Nd4 Qe7 14. Nxe6 Qxe6 15. Ne4 Be5 16. gxf4 Nxf4 17. Bxf4 Bxf4 18. e3 Be5 19. f4 Bg7 20. b3 Rd8 21. Ng5 Qe7 22. Bd5+ cxd5 23. Qxd5+ Kf8 24. Ne6+ Ke8 25. f5 Nc6 26. fxg6 hxg6 27. Rf4 Kd7 28. Rbf1 Qxe6 29. Rf7+ Ne7 30. Qxb7+ Ke8 31. Rxg7 Rab8 32. Qa7 Rxb3 33. Qxa5 Qg4+ 34. Kh1 Qe4+ 35. Kg1 Qxe3+ 36. Kh1 Qe4+ 37. Kg1 Rb2 38. Rxe7+ Qxe7 39. Qd5 Qa7+ 0-1

[Event "World op"]
[Site "Philadelphia USA"]
[Date "1997.??.??"]
[Round "?"]
[White "Hebert, Jean"]
[Black "Bryan, Jarod"]
[Result "1-0"]
[WhiteElo "2465"]
[BlackElo "2290"]
[PlyCount "163"]
[GameId "2129405173240069"]
[EventDate "1997.06.28"]
[EventType "swiss"]
[EventRounds "9"]
[EventCountry "USA"]

1. Nf3 d5 2. c4 c6 3. d4 Bf5 4. cxd5 Bxb1 5. Rxb1 Qxd5 6. a3 Nd7 7. Qc2 Ngf6 8. e3 e6 9. Bc4 Qh5 10. h3 Qg6 11. Qxg6 hxg6 12. Ke2 a6 13. Bd2 c5 14. dxc5 Nxc5 15. Rhd1 Nce4 16. Be1 Bd6 17. Nd4 Ke7 18. f3 Ng3+ 19. Kf2 Rac8 20. Rbc1 Nf5 21. Nxf5+ gxf5 22. Bc3 Rhd8 23. Ke2 Ne8 24. Bb3 Bc5 25. Rxd8 Kxd8 26. Ba5+ b6 27. Rxc5 bxa5 28. Rxc8+ Kxc8 29. Bc4 Nc7 30. h4 Kd7 31. Kd3 Kd6 32. h5 f6 33. g4 fxg4 34. fxg4 Ke5 35. a4 Nd5 36. Ke2 Nb6 37. Bb3 Ke4 38. Bc2+ Kd5 39. Bb3+ Ke4 40. Bc2+ Kd5 41. Kf3 Ke5 42. b3 Nd7 43. Kg3 Nb6 44. Bd3 Nd5 45. Kf3 Nb4 46. Bc4 Kd6 47. Kf4 Ke7 48. g5 Nc2 49. gxf6+ Kxf6 50. Bxa6 e5+ 51. Ke4 Nb4 52. Bc4 Nc2 53. Bd5 Nb4 54. Bg8 Nc6 55. Kd3 Ne7 56. Bc4 Kf5 57. Bf7 Nc6 58. Bg6+ Ke6 59. Kc4 Kd6 60. Be4 Nb4 61. Kb5 Na2 62. Kxa5 Kc5 63. Ka6 Nc3 64. Bf3 e4 65. Bg2 Kb4 66. Kb7 Ka5 67. Kc6 Nd1 68. Bxe4 Nxe3 69. Kc5 Ng4 70. Bc2 Ka6 71. b4 Nf6 72. Bd3+ Kb7 73. Be2 Ne4+ 74. Kd4 Ng3 75. Bf3+ Ka6 76. Ke5 Kb6 77. Kf4 Nf1 78. Be2 Nd2 79. a5+ Kb7 80. Kf5 Nb3 81. Kg6 Nd4 82. Bc4 1-0

[Event "World op"]
[Site "Philadelphia USA"]
[Date "1997.??.??"]
[Round "1"]
[White "Todd, James"]
[Black "Hebert, Jean"]
[Result "0-1"]
[WhiteElo "2160"]
[BlackElo "2465"]
[PlyCount "98"]
[GameId "2129405173240104"]
[EventDate "1997.06.28"]
[EventType "swiss"]
[EventRounds "9"]
[EventCountry "USA"]
[SourceTitle "EXP 60"]
[Source "ChessBase"]
[SourceDate "1997.11.24"]
[SourceVersion "1"]
[SourceVersionDate "1997.11.24"]
[SourceQuality "1"]

1. c4 e5 2. g3 Nc6 3. Bg2 d6 4. Nc3 g6 5. e4 Bg7 6. Nge2 f5 7. d3 Nf6 8. O-O O-O 9. Nd5 h6 10. Nec3 Nd4 11. exf5 gxf5 12. f4 c6 13. Nxf6+ Qxf6 14. Be3 Bd7 15. Kh1 Rae8 16. Qd2 Kh7 17. Rab1 a6 18. a4 a5 19. b4 axb4 20. Rxb4 Bc8 21. Rbb1 Qd8 22. Nd1 Re7 23. a5 Qe8 24. Rb6 Qd8 25. Rb1 Rfe8 26. Rb6 Qc7 27. Rb1 Bd7 28. Rb6 Ra8 29. Rf2 Bc8 30. Qb4 Qd7 31. h3 exf4 32. Bxf4 Be5 33. Kh2 Bxf4 34. Rxf4 c5 35. Qa3 Qc7 36. Qc3 Ne2 37. Qf6 Nxf4 38. gxf4 Rf7 39. Qc3 d5 40. Qe5 Qxe5 41. fxe5 dxc4 42. dxc4 Re7 43. Kg3 Rg7+ 44. Kf2 Rxa5 45. Bd5 Re7 46. Rd6 Ra6 47. Ne3 Rxe5 48. Rd8 Be6 49. Re8 Ra2+ 0-1

[Event "World op"]
[Site "Philadelphia USA"]
[Date "1997.??.??"]
[Round "3"]
[White "Kelleher, William"]
[Black "Hebert, Jean"]
[Result "1/2-1/2"]
[WhiteElo "2395"]
[BlackElo "2465"]
[PlyCount "34"]
[GameId "2129405173248327"]
[EventDate "1997.06.28"]
[EventType "swiss"]
[EventRounds "9"]
[EventCountry "USA"]
[SourceTitle "EXP 60"]
[Source "ChessBase"]
[SourceDate "1997.11.24"]
[SourceVersion "1"]
[SourceVersionDate "1997.11.24"]
[SourceQuality "1"]

1. e4 e6 2. d4 d5 3. e5 c5 4. c3 Nc6 5. Nf3 Bd7 6. a3 f6 7. Bd3 fxe5 8. Nxe5 Nxe5 9. dxe5 g6 10. O-O Qc7 11. c4 d4 12. f4 Ne7 13. Nd2 Nf5 14. Ne4 h5 15. Nf6+ Kf7 16. Nxd7 Qxd7 17. Qf3 Be7 1/2-1/2

[Event "World op"]
[Site "Philadelphia USA"]
[Date "1997.??.??"]
[Round "4"]
[White "Hebert, Jean"]
[Black "Greanias, Steve"]
[Result "1-0"]
[WhiteElo "2465"]
[BlackElo "2235"]
[PlyCount "87"]
[GameId "2129405173248347"]
[EventDate "1997.06.28"]
[EventType "swiss"]
[EventRounds "9"]
[EventCountry "USA"]
[SourceTitle "EXP 60"]
[Source "ChessBase"]
[SourceDate "1997.11.24"]
[SourceVersion "1"]
[SourceVersionDate "1997.11.24"]
[SourceQuality "1"]

1. c4 c5 2. Nf3 Nf6 3. Nc3 Nc6 4. e3 g6 5. d4 cxd4 6. exd4 d5 7. Bg5 Ne4 8. cxd5 Nxc3 9. bxc3 Qxd5 10. Be2 Bg7 11. O-O Bg4 12. Be3 O-O 13. h3 Bf5 14. c4 Qd6 15. d5 Nb4 16. Bd4 e5 17. dxe6 Bxe6 18. Bxg7 Qxd1 19. Rfxd1 Kxg7 20. Nd4 Bd7 21. Rab1 Nxa2 22. Rxb7 Rfd8 23. Bf3 Rac8 24. Rxd7 Rxd7 25. Ne6+ Kf6 26. Rxd7 Kxe6 27. Rxa7 Nc3 28. Ra6+ Ke7 29. Bc6 Rb8 30. g4 Rb4 31. Ra7+ Kf6 32. Be8 Rxc4 33. Rxf7+ Kg5 34. Rxh7 Ne2+ 35. Kh2 Rd4 36. Bb5 Nf4 37. Kg3 Rb4 38. Bf1 Rb3+ 39. f3 Ne6 40. Rf7 Rc3 41. h4+ Kh6 42. g5+ Nxg5 43. hxg5+ Kxg5 44. Ra7 1-0

[Event "World op"]
[Site "Philadelphia USA"]
[Date "1997.??.??"]
[Round "5"]
[White "Serper, Grigory"]
[Black "Hebert, Jean"]
[Result "1-0"]
[WhiteElo "2540"]
[BlackElo "2465"]
[PlyCount "119"]
[GameId "2129405173248379"]
[EventDate "1997.06.28"]
[EventType "swiss"]
[EventRounds "9"]
[EventCountry "USA"]
[SourceTitle "EXP 60"]
[Source "ChessBase"]
[SourceDate "1997.11.24"]
[SourceVersion "1"]
[SourceVersionDate "1997.11.24"]
[SourceQuality "1"]

1. c4 e5 2. g3 Nc6 3. Bg2 f5 4. e3 Nf6 5. Ne2 d6 6. Nbc3 g6 7. O-O Bg7 8. d3 O-O 9. Rb1 Be6 10. Nd5 Qd7 11. b4 Nd8 12. b5 c6 13. bxc6 bxc6 14. Nxf6+ Bxf6 15. Qa4 d5 16. cxd5 Bxd5 17. Bxd5+ Qxd5 18. Qb3 Rf7 19. Qxd5 cxd5 20. Rb5 Nc6 21. Ba3 Rd7 22. Rc1 Be7 23. Rxc6 Bxa3 24. d4 exd4 25. Nxd4 Bf8 26. Ne6 Kf7 27. Ng5+ Kg8 28. Ne6 Kf7 29. h4 Re8 30. Ng5+ Kg8 31. Nf3 Bg7 32. Kg2 d4 33. exd4 Red8 34. h5 gxh5 35. Rxf5 h4 36. Nxh4 Bxd4 37. Nf3 Bb6 38. a4 Rd6 39. Rc4 Rf8 40. Rg4+ Rg6 41. Rxf8+ Kxf8 42. Rxg6 hxg6 43. Ne5 Kg7 44. f4 g5 45. fxg5 Be3 46. Nc6 Kg6 47. Kf3 Bc5 48. Kg4 Bf2 49. Ne5+ Kg7 50. Nd3 Bd4 51. Kf5 a5 52. Nf4 Bc3 53. Ne6+ Kf7 54. Nc5 Bd4 55. Nb7 Bc3 56. g6+ Ke7 57. Kg5 Bd2+ 58. Kh5 Kf6 59. Nxa5 Bxa5 60. Kh6 1-0

[Event "World op"]
[Site "Philadelphia USA"]
[Date "1997.??.??"]
[Round "8"]
[White "Palos, Osman"]
[Black "Hebert, Jean"]
[Result "1-0"]
[WhiteElo "2455"]
[BlackElo "2465"]
[PlyCount "87"]
[GameId "2129405173248429"]
[EventDate "1997.06.28"]
[EventType "swiss"]
[EventRounds "9"]
[EventCountry "USA"]

1. d4 Nf6 2. Bg5 e6 3. Nf3 h6 4. Bh4 b6 5. e3 Bb7 6. Bd3 d6 7. c4 Nbd7 8. Nc3 g5 9. Bg3 Nh5 10. d5 e5 11. h4 g4 12. Nh2 Nxg3 13. fxg3 h5 14. O-O Bh6 15. Qe2 Qe7 16. Bf5 Nf6 17. e4 a6 18. Rf2 O-O 19. Nf1 Ne8 20. Ne3 Ng7 21. Raf1 b5 22. Ncd1 bxc4 23. Bxg4 Bxe3 24. Qxe3 f6 25. Bf5 Qf7 26. Qh6 Nxf5 27. Rxf5 Qg7 28. Qxh5 Bc8 29. Ne3 Bxf5 30. Nxf5 Qh7 31. Qe2 Rab8 32. Rc1 Rb4 33. a3 Rb3 34. Rxc4 Rfb8 35. Rc2 Kf8 36. Qxa6 R3b6 37. Qe2 Rb5 38. b4 Rxd5 39. exd5 Qxf5 40. Rxc7 e4 41. Qe3 Qg6 42. b5 Rxb5 43. Qa7 Qe8 44. Rh7 1-0

[Event "World op"]
[Site "Philadelphia USA"]
[Date "1997.??.??"]
[Round "9"]
[White "Hebert, Jean"]
[Black "Filatov, Leonid"]
[Result "1/2-1/2"]
[WhiteElo "2465"]
[BlackElo "2380"]
[PlyCount "75"]
[GameId "2129405173248430"]
[EventDate "1997.06.28"]
[EventType "swiss"]
[EventRounds "9"]
[EventCountry "USA"]

1. d4 e6 2. Nf3 d5 3. c4 c6 4. Nc3 Nf6 5. e3 Nbd7 6. Qc2 Bd6 7. b3 O-O 8. Be2 dxc4 9. bxc4 e5 10. O-O Re8 11. Rd1 Qe7 12. Rb1 e4 13. Nd2 Nf8 14. c5 Bc7 15. Ba3 Rb8 16. g3 Bf5 17. Nc4 Ne6 18. Nd6 Bxd6 19. cxd6 Qd7 20. d5 Ng5 21. dxc6 bxc6 22. Rxb8 Rxb8 23. Na4 Bg6 24. Rb1 Re8 25. Qd1 Qh3 26. Qf1 Qh6 27. h4 Nf3+ 28. Bxf3 exf3 29. Rb7 Bf5 30. Nc5 Qg6 31. Bb4 Qg4 32. Ba5 h6 33. Rb4 Qg6 34. Qd1 Nd7 35. Nxd7 Bxd7 36. Qxf3 Qxd6 37. Rd4 Qe6 38. Bc7 1/2-1/2

[Event "Olympiad"]
[Site "Yerevan ARM"]
[Date "1996.09.21"]
[Round "6"]
[White "Hebert, Jean"]
[Black "Hafizulhelmi, Mas"]
[Result "1/2-1/2"]
[WhiteElo "2435"]
[BlackElo "2280"]
[PlyCount "68"]
[GameId "2129405178630135"]
[EventDate "1996.09.16"]
[EventType "team"]
[EventRounds "14"]
[EventCountry "ARM"]

1. d4 Nf6 2. c4 g6 3. Nc3 Bg7 4. e4 d6 5. f3 O-O 6. Be3 Nc6 7. Nge2 a6 8. Qd2 Rb8 9. a3 e5 10. d5 Ne7 11. g4 c5 12. Ng3 Ne8 13. g5 Bd7 14. b4 b6 15. Be2 Bh3 16. Rb1 f5 17. gxf6 Nxf6 18. Rg1 Qc7 19. b5 Ra8 20. bxa6 Rxa6 21. Nb5 Qb8 22. Rb3 Bd7 23. Qb2 Kh8 24. Kd2 Nfg8 25. Kc2 Bh6 26. Bxh6 Nxh6 27. h4 Nhg8 28. Bd1 Nf6 29. Kb1 Nh5 30. Nxh5 gxh5 31. Rg5 Ng6 32. Rxh5 Nf4 33. Rg5 h6 34. Rg1 Kh7 1/2-1/2

[Event "World op"]
[Site "Philadelphia USA"]
[Date "1996.??.??"]
[Round "?"]
[White "Antonio, Rogelio Jr"]
[Black "Hebert, Jean"]
[Result "1/2-1/2"]
[WhiteElo "2530"]
[BlackElo "2435"]
[PlyCount "62"]
[GameId "2129405179006740"]
[EventDate "1996.07.??"]
[EventType "swiss"]
[EventRounds "9"]
[EventCountry "USA"]
[SourceTitle "EXT 2001"]
[Source "ChessBase"]
[SourceDate "2000.11.22"]
[SourceVersion "1"]
[SourceVersionDate "2000.11.22"]
[SourceQuality "1"]

1. e4 e6 2. d4 d5 3. e5 c5 4. c3 Nc6 5. Nf3 Bd7 6. Be3 Qb6 7. Qd2 f6 8. Be2 fxe5 9. Nxe5 Nxe5 10. dxe5 Ne7 11. Bg4 h5 12. Bh3 Nc6 13. f4 g5 14. fxg5 Nxe5 15. Na3 Qxb2 16. Qxb2 Nd3+ 17. Kd2 Nxb2 18. Rab1 Na4 19. Rxb7 Bg7 20. c4 d4 21. Bf4 O-O 22. Bg3 Bc8 23. Re7 e5 24. Bxc8 Raxc8 25. Rb1 Rf7 26. Rbb7 Rxe7 27. Rxe7 Kf8 28. Rxa7 Nc3 29. Nb5 Ne4+ 30. Kd1 Rc6 31. Bh4 Nc3+ 1/2-1/2

[Event "World op"]
[Site "Philadelphia USA"]
[Date "1996.??.??"]
[Round "?"]
[White "Hebert, Jean"]
[Black "Casella, Michael"]
[Result "1-0"]
[WhiteElo "2435"]
[BlackElo "2290"]
[PlyCount "64"]
[GameId "2129405179006899"]
[EventDate "1996.07.??"]
[EventType "swiss"]
[EventRounds "9"]
[EventCountry "USA"]
[SourceTitle "EXT 2001"]
[Source "ChessBase"]
[SourceDate "2000.11.22"]
[SourceVersion "1"]
[SourceVersionDate "2000.11.22"]
[SourceQuality "1"]

1. d4 Nf6 2. Nf3 g6 3. c4 Bg7 4. Nc3 d6 5. e4 O-O 6. Be2 e5 7. O-O Na6 8. Be3 Ng4 9. Bg5 Qe8 10. dxe5 dxe5 11. Nd2 Nf6 12. Nd5 Qd8 13. Be3 c6 14. Nxf6+ Bxf6 15. c5 Nc7 16. Nc4 Ne6 17. Bg4 Nd4 18. Bxc8 Rxc8 19. Bxd4 exd4 20. Nd6 Rc7 21. f4 b6 22. b4 a5 23. a3 b5 24. e5 Bg7 25. Qxd4 f6 26. Qe4 f5 27. Qf3 a4 28. g4 Qd7 29. gxf5 gxf5 30. Ra2 Kh8 31. Rg2 Qe6 32. Kh1 Qc4 1-0

[Event "World op"]
[Site "Philadelphia USA"]
[Date "1996.??.??"]
[Round "?"]
[White "Hebert, Jean"]
[Black "Dzindzichashvili, Roman"]
[Result "0-1"]
[WhiteElo "2435"]
[BlackElo "2545"]
[PlyCount "78"]
[GameId "2129405179006900"]
[EventDate "1996.07.??"]
[EventType "swiss"]
[EventRounds "9"]
[EventCountry "USA"]
[SourceTitle "EXT 2001"]
[Source "ChessBase"]
[SourceDate "2000.11.22"]
[SourceVersion "1"]
[SourceVersionDate "2000.11.22"]
[SourceQuality "1"]

1. Nf3 g6 2. d4 Nf6 3. c4 Bg7 4. Nc3 d6 5. e4 O-O 6. Be2 Na6 7. O-O e5 8. Be3 Ng4 9. Bg5 Qe8 10. h3 h6 11. Bh4 Nf6 12. dxe5 dxe5 13. Nd5 Nxe4 14. Be7 c6 15. Bxf8 Qxf8 16. Ne3 f5 17. a3 Nac5 18. Qc2 Ne6 19. Rfd1 Nxf2 20. Kxf2 e4 21. Nh2 Nd4 22. Rxd4 Bxd4 23. c5 Kh7 24. Qd2 Bxc5 25. Kf1 Be6 26. Qc3 Qd6 27. Kg1 Qd4 28. Qxd4 Bxd4 29. Nhf1 f4 30. Rd1 Bxe3+ 31. Nxe3 fxe3 32. Rd6 Re8 33. Kf1 Kg7 34. Bd1 Bc4+ 35. Ke1 Rf8 36. Be2 Bd5 37. b4 Rf2 38. Rd7+ Kf6 39. Rxb7 Rxg2 0-1

[Event "World op"]
[Site "Philadelphia USA"]
[Date "1996.??.??"]
[Round "?"]
[White "Hebert, Jean"]
[Black "Fink, Stanley"]
[Result "1-0"]
[WhiteElo "2435"]
[BlackElo "2215"]
[PlyCount "83"]
[GameId "2129405179006902"]
[EventDate "1996.07.??"]
[EventType "swiss"]
[EventRounds "9"]
[EventCountry "USA"]
[SourceTitle "EXT 2001"]
[Source "ChessBase"]
[SourceDate "2000.11.22"]
[SourceVersion "1"]
[SourceVersionDate "2000.11.22"]
[SourceQuality "1"]

1. Nf3 c5 2. c4 Nf6 3. Nc3 b6 4. e3 g6 5. d4 Bg7 6. Be2 O-O 7. e4 cxd4 8. Nxd4 Bb7 9. f3 Nc6 10. Be3 Qb8 11. Qd2 Nh5 12. Nc2 Be5 13. g3 Rc8 14. O-O-O Na5 15. b3 e6 16. Kb1 Nf6 17. Nd4 a6 18. Rc1 b5 19. cxb5 axb5 20. Ncxb5 Nxe4 21. fxe4 Bxe4+ 22. Bd3 Bxh1 23. Rxh1 Nc6 24. Nf3 Bg7 25. Rf1 d5 26. Bc5 Ra6 27. Qf2 Nd8 28. Ba7 Qb7 29. Bd4 f6 30. Bb2 Rb6 31. a4 e5 32. Be2 Nf7 33. Rd1 Kh8 34. h4 Nd6 35. h5 Nxb5 36. Bxb5 Rxb5 37. axb5 Qxb5 38. hxg6 hxg6 39. Qf1 Qxb3 40. Qh3+ Bh6 41. Qxh6+ Kg8 42. Qxg6+ 1-0

[Event "World op"]
[Site "Philadelphia USA"]
[Date "1996.??.??"]
[Round "?"]
[White "Hebert, Jean"]
[Black "Kreiman, Boris"]
[Result "1-0"]
[WhiteElo "2435"]
[BlackElo "2415"]
[PlyCount "63"]
[GameId "2129405179006903"]
[EventDate "1996.07.??"]
[EventType "swiss"]
[EventRounds "9"]
[EventCountry "USA"]
[SourceTitle "EXT 2001"]
[Source "ChessBase"]
[SourceDate "2000.11.22"]
[SourceVersion "1"]
[SourceVersionDate "2000.11.22"]
[SourceQuality "1"]

1. Nf3 Nf6 2. c4 g6 3. Nc3 Bg7 4. e4 d6 5. d4 O-O 6. Be2 e5 7. O-O Nc6 8. d5 Ne7 9. b4 Nh5 10. Re1 h6 11. Nd2 Nf4 12. Bf1 Kh7 13. c5 Ng8 14. Nc4 Nf6 15. cxd6 cxd6 16. a4 Ne8 17. Be3 f5 18. g3 fxe4 19. gxf4 exf4 20. Bd4 Qg5+ 21. Kh1 Bg4 22. Be2 Bxe2 23. Nxe2 Qh4 24. Bxg7 Nxg7 25. Nxd6 Rad8 26. Nxe4 f3 27. Ng1 Qg4 28. Ng3 Rf4 29. Ra3 Rdf8 30. Re7 R8f6 31. Rc3 Rd4 32. Qc1 1-0

[Event "World op"]
[Site "Philadelphia USA"]
[Date "1996.??.??"]
[Round "?"]
[White "Reverby, Miro"]
[Black "Hebert, Jean"]
[Result "0-1"]
[WhiteElo "2170"]
[BlackElo "2435"]
[PlyCount "112"]
[GameId "2129405179002972"]
[EventDate "1996.07.??"]
[EventType "swiss"]
[EventRounds "9"]
[EventCountry "USA"]
[SourceTitle "EXT 2001"]
[Source "ChessBase"]
[SourceDate "2000.11.22"]
[SourceVersion "1"]
[SourceVersionDate "2000.11.22"]
[SourceQuality "1"]

1. e4 e6 2. d4 d5 3. Nc3 Bb4 4. e5 c5 5. a3 Bxc3+ 6. bxc3 Ne7 7. Qg4 Kf8 8. Bd3 Qa5 9. Bd2 Qa4 10. Kd1 b6 11. h4 Nbc6 12. h5 Nxe5 13. Qg3 Nxd3 14. Qxd3 h6 15. Nf3 e5 16. Nxe5 Bf5 17. Qf3 Qxc2+ 18. Ke1 f6 19. Rc1 Qe4+ 20. Qxe4 Bxe4 21. Nf3 Kf7 22. Ke2 c4 23. Be3 Rhe8 24. Ne1 Nc6 25. f3 Bh7 26. Nc2 b5 27. Nb4 Ne7 28. Kf2 a5 29. Na2 Nc6 30. Bd2 b4 31. cxb4 Nxd4 32. Be3 Nc2 33. Bb6 axb4 34. Nxb4 Nxb4 35. axb4 Ra2+ 36. Kg3 Re5 37. Rh2 Bd3 38. Kf4 Ree2 39. Kg3 Re5 40. Kf4 Rb2 41. Bc5 Ree2 42. Kg3 Bb1 43. Kf4 Ba2 44. Kg3 Ke6 45. Kf4 Kd7 46. Rhh1 Rxg2 47. Rhg1 Kc6 48. Rxg2 Rxg2 49. Rg1 Rxg1 50. Bxg1 Kb5 51. Bc5 c3 52. Ke3 Kc4 53. f4 Bb1 54. Bf8 d4+ 55. Ke2 d3+ 56. Ke3 d2 0-1

[Event "World op"]
[Site "Philadelphia USA"]
[Date "1996.??.??"]
[Round "?"]
[White "Simpson, Ronald"]
[Black "Hebert, Jean"]
[Result "1/2-1/2"]
[WhiteElo "2320"]
[BlackElo "2435"]
[PlyCount "94"]
[GameId "2129405179003020"]
[EventDate "1996.07.??"]
[EventType "swiss"]
[EventRounds "9"]
[EventCountry "USA"]
[SourceTitle "EXT 2001"]
[Source "ChessBase"]
[SourceDate "2000.11.22"]
[SourceVersion "1"]
[SourceVersionDate "2000.11.22"]
[SourceQuality "1"]

1. c4 Nf6 2. g3 g6 3. Bg2 Bg7 4. Nc3 O-O 5. e4 d6 6. Nge2 c5 7. O-O Nc6 8. d3 Rb8 9. h3 a6 10. a4 Ne8 11. Be3 Nd4 12. Rb1 f5 13. f4 Bd7 14. b4 Nxe2+ 15. Nxe2 cxb4 16. Rxb4 fxe4 17. dxe4 a5 18. Rxb7 Rxb7 19. Qd5+ Kh8 20. Qxb7 Bxa4 21. Bb6 Qd7 22. Qxd7 Bxd7 23. Bxa5 Be6 24. Rc1 Nf6 25. c5 dxc5 26. Rxc5 Rc8 27. Rxc8+ Bxc8 28. e5 Ng8 29. Bb4 g5 30. Kf2 Bh6 31. Ke3 Kg7 32. h4 gxh4 33. gxh4 Bf5 34. Ng3 Bb1 35. Bd5 Kf8 36. Ne4 Bg7 37. Bxg8 Kxg8 38. Bxe7 Kf7 39. Bd6 Ke6 40. Kf3 Bc2 41. Ng5+ Kd5 42. Ba3 Bf5 43. Kg3 h5 44. Kf3 Bg4+ 45. Ke3 Bf5 46. e6 Bxe6 47. Nxe6 Kxe6 1/2-1/2

[Event "Cannes op"]
[Site "Cannes FRA"]
[Date "1996.??.??"]
[Round "1"]
[White "Hebert, Jean"]
[Black "Aronian, Levon"]
[Result "0-1"]
[WhiteElo "2435"]
[BlackElo "2310"]
[PlyCount "96"]
[GameId "2129405179984122"]
[EventDate "1996.??.??"]
[EventType "swiss"]
[EventRounds "9"]
[EventCountry "FRA"]
[SourceTitle "EXP 58"]
[Source "ChessBase"]
[SourceDate "1997.07.29"]
[SourceVersion "1"]
[SourceVersionDate "1997.07.29"]
[SourceQuality "1"]

1. c4 e5 2. g3 Nf6 3. Bg2 d5 4. cxd5 Nxd5 5. Nc3 Nb6 6. Nf3 Nc6 7. d3 Be7 8. a3 O-O 9. O-O Re8 10. b4 Bf8 11. Bb2 Bg4 12. Re1 a5 13. b5 Nd4 14. Nxd4 exd4 15. Na4 Bxe2 16. Rxe2 Rxe2 17. Qxe2 Nxa4 18. Bxb7 Rb8 19. Bc6 Qd6 20. Ra2 Nc3 21. Bxc3 dxc3 22. Rc2 Qxa3 23. Qe5 Bb4 24. Qxc7 Rf8 25. Bd5 Qa4 26. Ra2 Qxb5 27. Bc4 Qh5 28. Bb3 Qf5 29. Qc4 Re8 30. Kg2 h5 31. h3 Re1 32. Rc2 Qd7 33. Qa6 Kh7 34. Ra2 Rb1 35. Bc4 Re1 36. Qa8 Qf5 37. Qb7 Re7 38. Qa6 h4 39. g4 Qf4 40. Qb5 g6 41. Qd5 Bd6 42. Qf3 Qh2+ 43. Kf1 Bf4 44. Bd5 Bd2 45. Be4 Qc7 46. Rc2 a4 47. Qf6 a3 48. Qa6 Qh2 0-1

[Event "Cannes op"]
[Site "Cannes FRA"]
[Date "1996.??.??"]
[Round "2"]
[White "Lukasiewicz, Grzegorz"]
[Black "Hebert, Jean"]
[Result "1-0"]
[WhiteElo "2330"]
[BlackElo "2435"]
[PlyCount "63"]
[GameId "2129405179984173"]
[EventDate "1996.??.??"]
[EventType "swiss"]
[EventRounds "9"]
[EventCountry "FRA"]
[SourceTitle "EXP 58"]
[Source "ChessBase"]
[SourceDate "1997.07.29"]
[SourceVersion "1"]
[SourceVersionDate "1997.07.29"]
[SourceQuality "1"]

1. d4 g6 2. Nf3 Bg7 3. c3 d6 4. Bf4 f5 5. e3 Nf6 6. h3 O-O 7. Nbd2 Nc6 8. Qb3+ e6 9. Be2 h6 10. O-O-O g5 11. Bh2 a5 12. a4 Qe8 13. Bb5 Bd7 14. Rde1 Ne4 15. Re2 Nxd2 16. Nxd2 Ne7 17. Bxd7 Qxd7 18. g4 fxg4 19. hxg4 Nd5 20. Rf1 Nb6 21. f4 Qxa4 22. Qxe6+ Kh8 23. Rh1 Rf6 24. Qe4 Re8 25. Qd3 gxf4 26. Bxf4 Nd5 27. Bg5 Rfe6 28. Reh2 Kg8 29. Bxh6 Rxh6 30. Rxh6 Nxe3 31. Qg6 Kf8 32. Rh7 1-0